| Tag |
First Indicator |
Second Indicator |
Subfields |
| LEADER |
00000cam a2200000 a 4500 |
| 001 |
in00002339834 |
| 005 |
20151108050959.0 |
| 008 |
040806s2004 enk b 001 0 eng |
| 010 |
|
|
|a 2004484429
|
| 015 |
|
|
|a GBA458216
|2 bnb
|
| 016 |
7 |
|
|a 012968006
|2 Uk
|
| 020 |
|
|
|a 0567083373 (alk. paper)
|
| 020 |
|
|
|a 9780567083371 (alk. paper)
|
| 029 |
1 |
|
|a NLGGC
|b 266889875
|
| 029 |
1 |
|
|a NZ1
|b 9208745
|
| 035 |
|
|
|a (OCoLC)ocm56646445
|
| 035 |
|
|
|a (OCoLC)56646445
|
| 040 |
|
|
|a UKM
|c UKM
|d DLC
|d ORU
|d C#P
|d IDI
|d OCL
|d BAKER
|d NLGGC
|d BTCTA
|d YDXCP
|d UtOrBLW
|
| 041 |
0 |
|
|a eng
|a grc
|
| 049 |
|
|
|a TXAM
|
| 050 |
0 |
0 |
|a BS2735.52
|b .V36 2004
|
| 082 |
0 |
4 |
|a 227.8'306
|2 22
|
| 084 |
|
|
|a 11.46
|2 bcl
|
| 100 |
1 |
|
|a Van Neste, Ray.
|
| 245 |
1 |
0 |
|a Cohesion and structure in the Pastoral Epistles /
|c Ray Van Neste.
|
| 264 |
|
1 |
|a London ;
|a New York :
|b T & T Clark International,
|c [2004]
|
| 264 |
|
4 |
|c ©2004
|
| 300 |
|
|
|a xii, 354 pages ;
|c 24 cm.
|
| 336 |
|
|
|a text
|b txt
|2 rdacontent
|
| 337 |
|
|
|a unmediated
|b n
|2 rdamedia
|
| 338 |
|
|
|a volume
|b nc
|2 rdacarrier
|
| 490 |
1 |
|
|a Journal for the study of the New Testament. Supplement series ;
|v 280
|
| 504 |
|
|
|a Includes bibliographical references (pages [316]-346) and indexes.
|
| 505 |
0 |
0 |
|t Methodology --
|t The textual units of 1 Timothy --
|t Connections between units in 1 Timothy --
|t The textual units of 2 Timothy --
|t Connections between units in 2 Timothy --
|t The textual units of Titus --
|t Connections between units in Titus.
|
| 630 |
0 |
0 |
|a Bible.
|p Pastoral Epistles
|x Criticism, interpretation, etc.
|
| 650 |
1 |
7 |
|a Pastorale brieven.
|2 gtt
|
| 650 |
1 |
7 |
|a Epistolografie.
|2 gtt
|
| 830 |
|
0 |
|a Journal for the study of the New Testament.
|p Supplement series ;
|v 280.
|
| 938 |
|
|
|a Baker and Taylor
|b BTCP
|n 2004484429
|
| 938 |
|
|
|a Baker & Taylor
|b BKTY
|c 160.00
|d 160.00
|i 0567083373
|n 0006150945
|s active
|
| 938 |
|
|
|a YBP Library Services
|b YANK
|n 100370530
|
| 945 |
|
|
|a PromptCat
|b 259065
|
| 946 |
|
|
|a stk
|
| 947 |
|
|
|a A14836484679
|
| 948 |
|
|
|a cataloged
|b h
|c 2007/11/8
|d c
|e dmartine
|f 11:20:54 am
|
| 994 |
|
|
|a 92
|b TXA
|
| 999 |
|
|
|a MARS
|
| 999 |
f |
f |
|s fa9ed5a5-f23a-38db-8d8c-4c86aa86eb72
|i 0101476e-08c3-327e-87d3-928c28bdfdc4
|t 0
|
| 952 |
f |
f |
|p ric
|a Texas A&M University
|b Rellis Campus
|c Joint Library Facility
|d Remote Storage
|t 0
|e BS2735.52 .V36 2004
|h Library of Congress classification
|i unmediated -- volume
|m A14836484679
|
| 998 |
f |
f |
|a BS2735.52 .V36 2004
|t 0
|l Remote Storage
|